02220nab a2200205uuc4500001000800000005001700008008004100025035001200066040001300078041000800091100003900099245004300138260001000181520153900191650002601730650002501756650004201781700003501823773015601858119985920240202095801.0100511s2009 spa  a1199859 ccomduadb aspa10aMorales Erazo, Alexander4auteaut13aEl anciano en el servicio de urgencias c2009.3 aLos ancianos representan el segmento de mayor crecimiento en la población y, en consecuencia, es notorio que acuden cada vez más a la consulta de urgencias. En general, representan más del 15% de todas las consultas y casi el 50% de todos los ingresos a unidades de cuidado intensivo. De hecho, se dice que ¨ las unidades de urgencia están envejeciendo¨. En Estados Unidos, el centro para control y prevención de la enfermedad (CDC), reporta que entre 1993 y 2003, observó un aumento en el número absoluto de consultas a urgencias, siendo el grupo de mayores de 65 años, el que tenía la más alta frecuencia de visitas (aumento del 26%). Si esta tendencia se mantiene se espera que la frecuencia de consultas a urgencias en ancianos se duplique de 6,4 millones a 11,7 millones en el 2013. Los ancianos presentan características que los diferencian de otros grupos etáreos e ingresan a urgencias con cuadros agudos o exacerbaciones de patologías crónicas, muchas veces con presentaciones atípicas; como consecuencia se constituyen en un auténtico reto para el clínico, que lo lleven a reducir la alta tasa de diagnósticos errados y retardados y las reconsultas. No obstante, es notorio el desconocimiento de los médicos encargados de su atención, respecto a las peculiaridades de este grupo. Como si fuera poco, el ingreso a un servicio de urgencias, es uno de los marcadores de mortalidad en la población longeva y la sitúa en alto riesgo de deterioro físico, funcional, mental y social. aServicio de urgencias aCuidados de ancianos 7aServicios de salud para ancianos2dcs10aRozo, Dick Jonnathan4auteaut0 tRevista de la Asociación Colombiana de Gerontología y Geriatría (Bogotá)gVol. 23, No. 02, Abr.-Jun. 2009, 1250-1258w388825x0122-69160110790